| 000 | 00442nam a22001697a 4500 | ||
|---|---|---|---|
| 003 | NUST - PNEC | ||
| 005 | 20170116180855.0 | ||
| 008 | 150828b xxu||||| |||| 00| 0 eng d | ||
| 020 | _a1853025011 | ||
| 040 | _cLIBRARY | ||
| 082 | _a620.0071141 COL | ||
| 100 |
_95953 _a Collins, Stephen |
||
| 245 |
_aThe professional engineer in society _cStephen,Collins |
||
| 260 | _cc 1989 | ||
| 650 |
_95955 _aGreat Britain _xEE/EL |
||
| 942 |
_2ddc _cBK |
||
| 999 |
_c64782 _d64782 |
||